000 01032 a2200241 4500
005 20080910154932.0
008 080910t xxu||||| |||| 00| 0 hin d
010 _aHIN-79521
020 _a8181661265
_c150.00
035 _aHN-51867
037 _bD.B.Act / pub
082 _a821
100 _aतेलंग, राग
245 _aकहीं किसी जगह
_cराग तेलंग
246 _aKahin kisi jagah
_bby Raag Telang
260 _aदिल्ली
_bमेधा बुक्स
_c2006
270 _aएक्स-11,नवीन शाहदरा
_bदिल्ली
_e110032
_k22323672
_mmedhabooks@rediffmail.com
300 _a139पृ
_c22 सेमी (सजिल्द)
650 _aहिन्दी कविताएँ
650 _aHindi poems
942 _adpl
_cHN
_k821 / तेलंग
_2ddc
_h821
_mतेलंग
999 _c2911
_d2911